Biển đảo tổ quốc tôi : Hợp tuyển thơ văn viết về biển đảo Việt Nam

Đã lưu trong:
书目详细资料
格式: 图书
语言:Undetermined
出版: Hà Nội Văn học 2013
主题:
标签: 添加标签
没有标签, 成为第一个标记此记录!
Thư viện lưu trữ: Trung tâm Học liệu Trường Đại học Cần Thơ
LEADER 00602nam a2200181Ia 4500
001 CTU_211426
008 210402s9999 xx 000 0 und d
082 |a 895.92208 
082 |b B305 
245 0 |a Biển đảo tổ quốc tôi : 
245 0 |b Hợp tuyển thơ văn viết về biển đảo Việt Nam 
245 0 |c Nhiều tác giả 
260 |a Hà Nội 
260 |b Văn học 
260 |c 2013 
650 |a Văn học Việt Nam,Vietnamese literature 
904 |i Hà Phương Trung,Hải 
980 |a Trung tâm Học liệu Trường Đại học Cần Thơ